[Event "Reykjavik Open 2026"]
[Site "Reykjavik"]
[Date "2026.03.29"]
[Round "7.98"]
[White "Chilton, James I"]
[Black "Teeuwen, Jos"]
[Result "0-1"]
[WhiteElo "1790"]
[WhiteFideId "423009"]
[BlackElo "2024"]
[BlackFideId "1008897"]
[Variant "Standard"]

1. d4 Nf6 2. c4 g6 3. Nc3 Bg7 4. e4 d6 5. h3 O-O 6. Nf3 c5 7. d5 e6 8. Bd3 exd5 9. cxd5 b5 10. O-O b4 11. Ne2 Re8 12. Ng3 Nbd7 13. Qc2 a5 14. Be3 Nb6 15. Rac1 Qc7 16. Nd2 h5 17. Rfe1 a4 18. Qb1 Bd7 19. f4 h4 20. Ngf1 Nh5 21. Nf3 Qd8 22. Kh2 Rc8 23. g4 hxg3+ 24. Nxg3 Nxg3 25. Kxg3 c4 26. Bxb6 Qxb6 27. Rxc4 Rxc4 28. Bxc4 Qc5 29. b3 Bc3 30. Re2 Qc8 31. Ng5 Kg7 32. Qf1 Bf6 33. h4 Bg4 34. Nf3 Bxf3 35. Kxf3 Bxh4 36. Rh2 Bf6 37. Qh3 Qxh3+ 38. Rxh3 axb3 39. axb3 Ra8 40. Kg4 Ra1 41. Rg3 Re1 42. Bd3 Kf8 43. Kf3 Bd4 44. Kg4 Ke7 45. Kg5 Rh1 46. Kg4 Re1 47. Kg5 Bf6+ 48. Kg4 Kd7 49. Bb5+ Kc7 50. Be8 Rxe4 51. Bxf7 g5 52. Rf3 Be7 53. Kf5 Re1 54. fxg5 Re5+ 55. Kg4 Rxg5+ 56. Kh3 Kb6 57. Rd3 Kc5 58. Be6 Bf6 59. Bf7 Be5 60. Be6 Rg1 61. Kh4 Bd4 62. Kh3 Rc1 63. Kg4 Rc3 64. Rf3 Be3 65. Kf5 Kd4 66. Bf7 Rxb3 67. Ke6 Kc5 68. Kd7 Rc3 69. Rf6 b3 70. Rxd6 b2 71. Rc6+ Kb4 72. Bg6 Rc1 73. Rc7 Bb6 74. Rb7 Kc5 75. d6 b1=Q 76. Bxb1 Rxb1 77. Ke6 Re1+ 78. Kd7 Rd1 79. Ke7 Rxd6 80. Rd7 Rh6 81. Kf7 Kc6 82. Kg7 Re6 83. Rd3 Re4 84. Kf6 Bd4+ 85. Kf5 Kd5 86. Rd1 Re2 87. Rf1 Re8 88. Kg6 Ke6 89. Kg5 Rg8+ 90. Kh5 Ke5 91. Rf3 Ke4 92. Rf1 Be3 93. Rf7 Bf4 94. Rf6 Rg7 95. Rg6 Rh7+ 96. Kg4 Rh1 97. Re6+ Be5 98. Re8 Rg1+ 99. Kh3 Rg3+ 100. Kh4 Rg2 101. Rf8 Bf4 102. Kh5 Rg5+ 103. Kh4 Kf3 104. Rf7 Rb5 105. Rf8 Rb6 106. Rf5 Rg6 107. Rb5 Rh6+ 108. Rh5 Ra6 109. Rf5 Rh6+ 110. Rh5 Rg6 111. Rf5 Ke4 112. Rf7 Be5 113. Kh5 Rg1 114. Kh6 Bf4+ 115. Kh5 Ke5 116. Rf8 Ke4 117. Rf7 Rg5+ 118. Kh4 Kf3 119. Rf6 Rb5 120. Rf7 Rb6 121. Rf5 Rg6 122. Rh5 Rg1 0-1

[Event "Reykjavik Open 2026"]
[Site "Reykjavik"]
[Date "2026.03.29"]
[Round "7.99"]
[White "Bathula, Abhinav Reddy"]
[Black "Helgadottir, Idunn"]
[Result "1-0"]
[WhiteElo "2020"]
[WhiteFideId "35005693"]
[BlackElo "1831"]
[BlackFideId "2314118"]
[Variant "Standard"]

1. e4 c5 2. Nf3 e6 3. d4 cxd4 4. Nxd4 Nc6 5. Nc3 Qc7 6. Be2 a6 7. Nxc6 bxc6 8. Qd3 d5 9. Qg3 Qxg3 10. hxg3 Nf6 11. g4 Bb4 12. Bd2 d4 13. g5 dxc3 14. bxc3 Be7 15. gxf6 Bxf6 16. Rb1 Bd8 17. f4 Bc7 18. Bd3 Ke7 19. Ke2 a5 20. g4 Rb8 21. Rb3 g6 22. Be3 f6 23. Kf3 Ra8 24. Be2 Kf7 25. a4 f5 26. Bd4 e5 27. fxe5 fxg4+ 28. Ke3 Be6 29. Rb7 Rac8 30. Bb6 1-0

[Event "Reykjavik Open 2026"]
[Site "Reykjavik"]
[Date "2026.03.29"]
[Round "7.100"]
[White "Lonnqvist, Henrik"]
[Black "Gilbert, Alistair"]
[Result "1-0"]
[WhiteElo "2000"]
[WhiteFideId "505137"]
[BlackElo "1820"]
[BlackFideId "343419160"]
[Variant "Standard"]

1. d4 Nf6 2. c4 c5 3. d5 e6 4. Nc3 d6 5. e4 Be7 6. Be2 O-O 7. Be3 Na6 8. g4 Nc7 9. h4 Bd7 10. f3 Rb8 11. a4 b6 12. Qd2 a6 13. Bd3 Nfe8 14. Nge2 b5 15. Kf1 bxc4 16. Bxc4 Rb4 17. b3 Na8 18. Nc1 Nec7 19. h5 Nb6 20. Be2 Rd4 21. Bxd4 cxd4 22. Nd1 Ncxd5 23. exd5 Nxd5 24. Bc4 Bg5 25. Qe1 Nf6 26. Nf2 d5 27. Qe5 Bxc1 28. Rxc1 dxc4 29. Rxc4 d3 30. Rd4 d2 31. Kg2 Re8 32. Qg5 Qa8 33. h6 1-0

[Event "Reykjavik Open 2026"]
[Site "Reykjavik"]
[Date "2026.03.29"]
[Round "7.101"]
[White "Berezovskii, Arina"]
[Black "Larsson, Elin"]
[Result "1-0"]
[WhiteElo "1999"]
[WhiteFideId "34449850"]
[BlackElo "1815"]
[BlackFideId "1771787"]
[Variant "Standard"]

1. e4 c5 2. Nf3 e6 3. c3 Nf6 4. e5 Nd5 5. d4 cxd4 6. cxd4 Nc6 7. Bc4 Nb6 8. Bb3 d6 9. O-O Be7 10. Nc3 O-O 11. Bf4 d5 12. Bc2 f6 13. exf6 Bxf6 14. Nb5 Rf7 15. Bg3 a6 16. Nd6 Rd7 17. Nxc8 Rxc8 18. Qd3 g6 19. a3 Nxd4 20. Nxd4 Bxd4 21. Qxd4 Rxc2 22. Rac1 Rc4 23. Rxc4 Nxc4 24. Re1 Qe7 25. h3 Qf7 26. a4 Nd6 27. Rc1 Qe7 28. Be5 Rc7 29. Rxc7 Qxc7 30. Qf4 Qc4 31. Bxd6 Qxf4 32. Bxf4 Kf7 33. Be5 Ke7 34. Kf1 Kd7 35. Ke2 Kc6 36. b4 a5 37. bxa5 Kc5 38. Kd3 Kb4 39. Bc7 Kxa4 40. Kd4 Kb5 41. Ke5 Kc6 42. Bb6 Kd7 43. Bc5 Kc6 44. Ba3 Kb5 45. Kxe6 d4 46. Bc1 Kxa5 47. Kd5 d3 48. Kc4 Ka4 49. Kxd3 b5 50. Kc3 b4+ 51. Kb2 Kb5 52. Kb3 Kc5 53. Bd2 Kd4 54. Kxb4 1-0

[Event "Reykjavik Open 2026"]
[Site "Reykjavik"]
[Date "2026.03.29"]
[Round "7.102"]
[White "Burgert, Conrad"]
[Black "Kristinsson, Ogmundur"]
[Result "1-0"]
[WhiteElo "1783"]
[WhiteFideId "30965047"]
[BlackElo "1996"]
[BlackFideId "2304724"]
[Variant "Standard"]

1. d4 d5 2. c4 e6 3. Nc3 Nf6 4. Nf3 b6 5. Bg5 dxc4 6. e4 Be7 7. Bxc4 O-O 8. O-O h6 9. Bf4 Bb7 10. Re1 c5 11. d5 exd5 12. exd5 Bd6 13. Bxd6 Qxd6 14. Nb5 Qf4 15. Ne5 Nbd7 16. g3 Qf5 17. Nd6 Qxe5 18. Rxe5 Nxe5 19. Nxb7 Nxc4 20. Qe2 b5 21. b3 Rfe8 22. Qd1 Nb6 23. d6 c4 24. bxc4 bxc4 25. a4 Rab8 26. Qf3 Nbd7 27. a5 h5 28. a6 Re6 29. Qc6 Nb6 30. Rb1 Nfd7 31. Rxb6 Nxb6 32. Qc7 Rf8 33. d7 Nxd7 34. Qxd7 Rxa6 35. Qc7 h4 36. Qxc4 Rb6 37. Qc7 Rh6 38. gxh4 Rxh4 39. Nd6 Rh6 40. Nf5 Ra6 41. Ne7+ Kh8 42. Qc4 Rh6 43. Qa2 a6 44. Nf5 Rf6 45. Qa3 Re8 46. Kf1 Kh7 47. Qa4 Re5 48. Qh4+ Kg8 49. Nxg7 Rg6 50. Nh5 Rb5 51. Qd8+ Kh7 52. Nf6+ Kg7 53. Ne8+ Kh7 54. Qd3 Rb6 55. h4 Kg8 56. h5 Rge6 57. Qg3+ Kf8 58. Nc7 Rf6 59. Qa3+ Kg8 60. Nd5 Rb1+ 61. Kg2 Re6 62. Ne7+ Kf8 63. Nf5+ Kg8 64. Qg3+ 1-0

[Event "Reykjavik Open 2026"]
[Site "Reykjavik"]
[Date "2026.03.29"]
[Round "7.103"]
[White "Dalhouse, Justin"]
[Black "Grettisson, Arnar Breki"]
[Result "1-0"]
[WhiteElo "1989"]
[WhiteFideId "30902894"]
[BlackElo "1808"]
[BlackFideId "2322790"]
[Variant "Standard"]

1. e4 c5 2. c3 d5 3. exd5 Qxd5 4. d4 cxd4 5. cxd4 Nc6 6. Nf3 e5 7. Nc3 Bb4 8. Bd2 Bxc3 9. Bxc3 e4 10. Ne5 Nxe5 11. dxe5 Ne7 12. Be2 O-O 13. O-O Bf5 14. Qc1 Qe6 15. Rd1 Rfd8 16. Qg5 h6 17. Qg3 Nd5 18. Bd4 Rac8 19. b3 a6 20. a4 Qg6 21. Qxg6 Bxg6 22. Bg4 Rc2 23. Bb6 Nxb6 24. Rxd8+ Kh7 25. a5 1-0

[Event "Reykjavik Open 2026"]
[Site "Reykjavik"]
[Date "2026.03.29"]
[Round "7.104"]
[White "Bjarnason, Snorri Vikanes"]
[Black "Digernes, Mikael"]
[Result "1-0"]
[WhiteElo "1988"]
[WhiteFideId "1539833"]
[BlackElo "1805"]
[BlackFideId "1544225"]
[Variant "Standard"]

1. c4 Nf6 2. g3 e6 3. Nf3 b6 4. Bg2 Bb7 5. O-O Be7 6. d4 O-O 7. Nc3 Ne4 8. Qc2 Nxc3 9. bxc3 f5 10. d5 Bf6 11. Ba3 d6 12. dxe6 Be4 13. Qb3 c5 14. Rad1 Qe7 15. Bc1 Nc6 16. Bf4 Rad8 17. Rd5 Na5 18. Qa4 g5 19. Bc1 g4 20. Ne1 Qxe6 21. Bf4 Kg7 22. Bxe4 Qxe4 23. Rxd6 Qxc4 24. Rd7+ Kg6 25. Qd1 Qe6 26. Rxd8 Rxd8 27. Qc2 Qc4 28. Ng2 Qxc3 29. Nh4+ Kf7 30. Qxf5 Nc6 31. Qxh7+ Bg7 32. Qg6+ Kg8 33. Qxc6 1-0

[Event "Reykjavik Open 2026"]
[Site "Reykjavik"]
[Date "2026.03.29"]
[Round "7.105"]
[White "Daddario, Aayush"]
[Black "Finke, Kelvin"]
[Result "0-1"]
[WhiteElo "1775"]
[WhiteFideId "39988287"]
[BlackElo "1986"]
[BlackFideId "3205495"]
[Variant "Standard"]

1. e4 c5 2. Nf3 e6 3. d4 cxd4 4. Nxd4 Nc6 5. Nc3 Qc7 6. Be2 Nf6 7. O-O a6 8. Be3 Be7 9. f4 d6 10. Bf3 Nxd4 11. Bxd4 e5 12. fxe5 dxe5 13. Be3 O-O 14. Qe2 Be6 15. Rfd1 Rac8 16. a3 h6 17. Qf2 b5 18. h3 b4 19. axb4 Bxb4 20. Bd2 Rfd8 21. Rxa6 Qb7 22. Rb6 Qxb6 23. Qxb6 Bc5+ 24. Qxc5 Rxc5 25. Be3 Rxd1+ 26. Bxd1 Rxc3 27. bxc3 Nxe4 28. Kf1 Nxc3 29. Ke1 f5 30. Bc1 e4 31. Bb2 Nd5 32. c4 Nf6 33. Be2 Kf7 34. Bc3 g5 35. Kf2 f4 36. c5 Bd5 37. Bb5 e3+ 38. Kf1 Ne4 39. Bb4 Ke6 40. c6 Nd6 41. c7 Bb7 42. Bc6 Bxc6 43. Bxd6 Bd7 44. Bf8 h5 45. Bh6 Kf5 46. Bf8 g4 47. hxg4+ hxg4 48. Bc5 Ke4 49. Bd6 f3 50. gxf3+ gxf3 51. Bg3 Kf5 52. Be1 Kg4 53. Kg1 Kh3 54. Kf1 Kh2 55. Bh4 Bh3+ 56. Ke1 Kg2 57. Kd1 f2 58. Kc2 f1=Q 59. Kc3 e2 60. Kd4 Qf4+ 61. Kd5 Qxh4 62. Kd6 Qd4+ 63. Kc6 Bd7+ 64. Kb7 Qb4+ 65. Ka7 Qc5+ 66. Kb8 Qb6+ 67. Ka8 Bc6# 0-1

[Event "Reykjavik Open 2026"]
[Site "Reykjavik"]
[Date "2026.03.29"]
[Round "7.106"]
[White "Hanisch, Sebastian"]
[Black "Jarabek, Milan"]
[Result "1/2-1/2"]
[WhiteElo "1984"]
[WhiteFideId "24668150"]
[BlackElo "1804"]
[BlackFideId "14928264"]
[Variant "Standard"]

1. d4 d5 2. Bf4 c6 3. e3 Nf6 4. c4 Qb6 5. Qb3 Qxb3 6. axb3 Bf5 7. c5 a6 8. Nc3 Nbd7 9. b4 Nh5 10. b5 Nxf4 11. exf4 cxb5 12. Nxd5 (12. Nxb5 O-O-O 13. Nc3 e6 14. b4) 12... O-O-O 13. Ne3 e6 14. g4 Be4 15. f3 Bc6 16. Bg2 Nf6 17. Ne2 Nd5 18. Kf2 g6 19. Rad1 Bh6 20. Nxd5 Bxd5 21. Ke3 Rhe8 22. g5 Bg7 23. h4 Rd7 24. h5 Bc4 25. hxg6 hxg6 26. Nc1 Red8 27. b3 Bxd4+ 28. Rxd4 Rxd4 29. bxc4 Rxc4 30. Nd3 Rc3 (30... Rc2) 31. Bf1 b4 32. Rh2 b3 33. Rb2 a5 34. Kd2 Rxc5 (34... Rc4 35. Rxb3) 35. Rxb3 b5 36. Ke3 Rcd5 37. Ne5 a4 38. Rxb5 Rxb5 39. Bxb5 a3 40. Bc4 Rd1 41. Nxf7 Rc1 (41... Re1+) 42. Bxe6+ Kc7 43. Ne5 Rb1 44. Kd2 Rb2+ 45. Kc3 Kd6 46. Bc4 Rf2 47. Nxg6 a2 48. Bxa2 Rxa2 49. f5 Ra5 50. f6 Ra3+ 51. Kd4 Rxf3 52. Nh8 Ke6 53. f7 Rxf7 54. Nxf7 Kxf7 1/2-1/2

[Event "Reykjavik Open 2026"]
[Site "Reykjavik"]
[Date "2026.03.29"]
[Round "7.107"]
[White "Bedard, Maxime"]
[Black "Jensen, Stein"]
[Result "1-0"]
[WhiteElo "1768"]
[WhiteFideId "2632896"]
[BlackElo "1982"]
[BlackFideId "1500724"]
[Variant "Standard"]

1. e4 c6 2. d4 g6 3. Nf3 Bg7 4. Be2 d5 5. e5 h5 6. c4 Nh6 7. Nc3 Nf5 8. cxd5 cxd5 9. Qb3 e6 10. Bd3 a6 11. Bg5 f6 12. Bxf5 gxf5 13. Bh4 Nc6 14. O-O O-O 15. Ne2 Qc7 16. exf6 Bxf6 17. Bxf6 Rxf6 18. g3 h4 19. Qe3 hxg3 20. hxg3 Qg7 21. Nf4 Rh6 22. Kg2 Bd7 23. Rh1 Rxh1 24. Rxh1 Kf7 25. Rh7 Qxh7 26. Ng5+ Kg7 27. Nxh7 Kxh7 28. Nd3 Re8 29. Qf4 Kg6 30. Qh4 Kf7 31. Qh7+ Kf6 32. Qxd7 Re7 33. Qd6 Kf7 34. Ne5+ Nxe5 35. Qxe5 Ke8 36. Kf3 Kd7 37. Qb8 Kc6 38. Qc8+ Kd6 39. Qc5+ Kd7 40. Kf4 Ke8 41. Ke5 Kf7 42. Qd6 Re8 43. b4 Re7 44. Qd8 b5 45. a3 1-0

[Event "Reykjavik Open 2026"]
[Site "Reykjavik"]
[Date "2026.03.29"]
[Round "7.108"]
[White "Homer, Stephen J"]
[Black "Vega, Isaac"]
[Result "1-0"]
[WhiteElo "1979"]
[WhiteFideId "410322"]
[BlackElo "1803"]
[BlackFideId "30914035"]
[Variant "Standard"]

1. e4 c5 2. Nf3 e6 3. b3 a6 4. Bb2 d5 5. exd5 exd5 6. d4 Nf6 7. Bd3 Nc6 8. O-O Be7 9. dxc5 Bxc5 10. Ba3 Bxa3 11. Nxa3 O-O 12. Qd2 Bg4 13. Qf4 Bxf3 14. Qxf3 Ne5 15. Qg3 Nxd3 16. Qxd3 Qe7 17. Nb1 Qe5 18. Nd2 Rac8 19. Nf3 Qe4 20. Rac1 Rc5 21. Rfe1 Qf4 22. Rcd1 Qc7 23. Nd4 Rc3 24. Qf5 Qd6 25. a4 h6 26. Qe5 Qd8 27. Qe7 Qc8 28. Qe5 Qd8 29. Ne6 Qc8 30. Nxf8 Rxc2 31. Ne6 Rxf2 32. Qc7 Qxc7 33. Nxc7 Rb2 34. Nxd5 Nxd5 35. Rxd5 Rxb3 36. a5 1-0

[Event "Reykjavik Open 2026"]
[Site "Reykjavik"]
[Date "2026.03.29"]
[Round "7.109"]
[White "Von Kistowski, Fynn"]
[Black "Van Zeebroeck, Sam"]
[Result "1/2-1/2"]
[WhiteElo "1727"]
[WhiteFideId "1353888"]
[BlackElo "1978"]
[BlackFideId "231924"]
[Variant "Standard"]

1. e4 e6 2. d4 b6 3. Bd3 Bb7 4. Nf3 d5 5. exd5 Qxd5 6. c4 Bb4+ 7. Nc3 Bxc3+ 8. bxc3 Qa5 9. Bd2 Nd7 10. Qe2 Ngf6 11. O-O Qh5 12. d5 O-O-O 13. dxe6 Nc5 14. Bc2 Rhe8 15. Be3 Ng4 16. h3 Nxe3 17. exf7 Bxf3 18. fxe8=Q Bxe2 19. Qxe3 Bxf1 20. Rxf1 Re8 21. Qd4 g6 22. Bd1 Qe5 23. Qg4+ Kb7 24. Bf3+ Ka6 25. Bc6 Rd8 26. a4 Qxc3 27. a5 Qd4 28. Bb5+ Kb7 29. Qf3+ Qe4 30. a6+ Kc8 31. Qf6 Qe6 32. Qf3 Qe4 33. Qf6 Qe6 1/2-1/2

[Event "Reykjavik Open 2026"]
[Site "Reykjavik"]
[Date "2026.03.29"]
[Round "7.110"]
[White "Zuiderweg, Edwin"]
[Black "Mcmillan, Felix"]
[Result "1-0"]
[WhiteElo "1977"]
[WhiteFideId "1012207"]
[BlackElo "1795"]
[BlackFideId "150098722"]
[Variant "Standard"]

1. Nf3 c5 2. g3 d5 3. Bg2 Nc6 4. d4 cxd4 5. Nxd4 Nf6 6. c4 e6 7. O-O Be7 8. Nc3 O-O 9. e3 Ne5 10. cxd5 exd5 11. h3 b6 12. f4 Ng6 13. Nc6 Qd6 14. Nxd5 Nxd5 15. Qxd5 Qxd5 16. Bxd5 Bxh3 17. f5 Bxf1 18. fxg6 Bd6 19. gxf7+ Kh8 20. Kxf1 Bxg3 21. Kg2 Bd6 22. e4 Rac8 23. Be3 Rc7 24. Rf1 h6 25. Bd4 Rd7 26. Bc3 a6 27. Nd4 Be5 28. Ne6 Rfxf7 29. Rxf7 Rxf7 30. Bxe5 Kh7 31. Ng5+ hxg5 32. Bxf7 a5 33. a4 1-0

[Event "Reykjavik Open 2026"]
[Site "Reykjavik"]
[Date "2026.03.29"]
[Round "7.112"]
[White "Vedant, Nayudu"]
[Black "Olafsson, Olafur Orn"]
[Result "1-0"]
[WhiteElo "1975"]
[WhiteFideId "33369780"]
[BlackElo "1764"]
[BlackFideId "2312042"]
[Variant "Standard"]

1. e4 c6 2. d4 d5 3. exd5 cxd5 4. Bd3 Nc6 5. c3 Nf6 6. Bf4 Bg4 7. Qb3 Qd7 8. Nd2 e6 9. Ngf3 Bxf3 10. Nxf3 a6 11. Ne5 Nxe5 12. dxe5 Nh5 13. Be3 g6 14. g4 Ng7 15. O-O-O Rc8 16. Kb1 h5 17. h3 Bc5 18. Bxc5 Rxc5 19. f4 O-O 20. Rhf1 Kh8 21. Qb4 Rfc8 22. f5 exf5 23. gxf5 R8c6 24. fxg6 fxg6 25. Bxg6 Kg8 26. Qf4 Rxg6 27. Qf8+ Kh7 28. Qxc5 Qxh3 29. Qxd5 Rb6 30. Qe4+ Kg8 31. Rd8+ 1-0

[Event "Reykjavik Open 2026"]
[Site "Reykjavik"]
[Date "2026.03.29"]
[Round "7.113"]
[White "Vitale, Romualdo"]
[Black "Ernisson, Petur Ulfar"]
[Result "1-0"]
[WhiteElo "1975"]
[WhiteFideId "862134"]
[BlackElo "1738"]
[BlackFideId "2326116"]
[Variant "Standard"]

1. Nf3 Nf6 2. d4 g6 3. Bf4 Bg7 4. Nc3 d5 5. h4 h5 6. e3 O-O 7. Ne5 c5 8. dxc5 Nc6 9. Qd2 Nxe5 10. Bxe5 Ne4 11. Qd4 Bxe5 12. Qxe5 Qa5 13. Qxd5 Nxc3 14. Qd2 Bf5 15. Bd3 Rfd8 16. Qxc3 Qxc3+ 17. bxc3 Bxd3 18. cxd3 Rxd3 19. Ke2 Rxc3 20. Rac1 Rxc1 21. Rxc1 Rc8 22. Kd3 Kf8 23. Rc4 e6 24. Kd4 Ke7 25. Ra4 a6 26. Rb4 Rc7 27. f3 f6 28. Rb6 Rd7+ 29. Kc4 Rc7 30. a4 Kd7 31. g4 Ke7 32. Rd6 Rd7 33. Rb6 Rc7 34. Kb4 Kd7 35. Kc4 Ke7 36. Rb1 Kd7 37. Rd1+ Ke7 38. Rb1 Kd7 39. Kb4 Ke7 40. Rb2 Rc6 41. Rc2 Rc7 42. Ka5 Rc6 43. Rc1 Ke8 44. Kb4 Ke7 45. Rc4 Kd7 46. Rd4+ Ke7 47. e4 e5 48. Rd3 Rc7 49. Rd6 Rd7 50. Rb6 Rc7 51. Kc4 Rd7 52. a5 Rc7 53. g5 fxg5 54. Rxg6 gxh4 55. Rh6 Rd7 56. Rxh5 Rd4+ 57. Kc3 Ra4 58. Rxe5+ Kd7 59. Rh5 Rxa5 60. c6+ bxc6 61. Rxa5 1-0

[Event "Reykjavik Open 2026"]
[Site "Reykjavik"]
[Date "2026.03.29"]
[Round "7.114"]
[White "Berg, Kurt Magnus"]
[Black "Montalti, Gianluca"]
[Result "1-0"]
[WhiteElo "1966"]
[WhiteFideId "1507389"]
[BlackElo "1737"]
[BlackFideId "39900169"]
[Variant "Standard"]

1. d4 d5 2. Nc3 e6 3. Bf4 a6 4. e3 c5 5. dxc5 Bxc5 6. Bd3 Nf6 7. Nf3 Nc6 8. O-O b5 9. e4 d4 10. Ne2 Nh5 11. e5 Nxf4 12. Nxf4 Bb7 13. Nh5 O-O 14. Qe2 Nb4 15. Nd2 Nxd3 16. cxd3 Qg5 17. f4 Qg6 18. Ng3 Rac8 19. Nge4 Be7 20. Rac1 f5 21. Nd6 Bxd6 22. exd6 Rcd8 23. Rc7 Bd5 24. Nf3 Bxf3 25. Qxf3 Rxd6 26. Rfc1 Qf6 27. Ra7 Rf7 28. Rc8+ Rf8 29. Rcc7 Rfd8 30. Qb7 1-0

[Event "Reykjavik Open 2026"]
[Site "Reykjavik"]
[Date "2026.03.29"]
[Round "7.115"]
[White "Magnusdottir, Veronika Steinunn"]
[Black "Omarsson, Adam"]
[Result "0-1"]
[WhiteElo "1711"]
[WhiteFideId "2309114"]
[BlackElo "1961"]
[BlackFideId "2311453"]
[Variant "Standard"]

1. e4 (1. f3) 1... d6 2. d4 g6 3. f4 Bg7 4. Nf3 Nf6 5. Nc3 c5 6. Bb5+ Nfd7 7. Be3 a6 8. Bc4 O-O 9. a4 b6 10. f5 Nc6 11. fxg6 hxg6 12. Qd2 cxd4 13. Nxd4 Nxd4 14. Bxd4 Ne5 15. Bd5 Rb8 16. O-O e6 17. Bb3 Bb7 18. Rad1 Qh4 19. Bxb6 Bxe4 20. Rf4 Qe7 21. Qxd6 Qxd6 22. Rxd6 Bf5 23. Bc5 Rfc8 24. Ba3 Bf8 25. Ne4 Bh6 26. Rh4 Be3+ 27. Nf2 Rxb3 28. Kf1 Bxc2 29. Rb4 Rxb4 30. Bxb4 Bxf2 31. Kxf2 Nd3+ 0-1

[Event "Reykjavik Open 2026"]
[Site "Reykjavik"]
[Date "2026.03.29"]
[Round "7.116"]
[White "Gilbert, Michael A"]
[Black "Butterworth, Paul"]
[Result "1/2-1/2"]
[WhiteElo "1960"]
[WhiteFideId "2068036"]
[BlackElo "1719"]
[BlackFideId "343419917"]
[Variant "Standard"]

1. d4 d5 2. Nf3 Bf5 3. c4 e6 4. Qb3 Nc6 5. Nc3 Nb4 6. e4 dxe4 7. c5 a5 8. a3 exf3 9. axb4 axb4 10. Rxa8 Qxa8 11. Qxb4 Nf6 12. gxf3 Be7 13. Bg2 O-O 14. O-O Rd8 15. Bg5 h6 16. Be3 b6 17. f4 Qb8 18. Qa3 Nd5 19. b4 c6 20. Ra1 bxc5 21. Nxd5 exd5 22. bxc5 Qb7 23. h3 Bf6 24. Kh2 Rb8 25. Qa7 Kf8 26. Kg3 Bd8 27. h4 Qc8 28. Bf3 Bh7 29. Qa6 Qd7 30. h5 Rb3 31. Ra3 Rxa3 32. Qxa3 Qe7 33. Kg2 Be4 34. Bd2 Bxf3+ 35. Qxf3 Qf6 36. Qe3 Qf5 37. Qe5 Qe6 38. f5 Qxe5 39. dxe5 Ke7 40. Kf3 Bc7 41. Bf4 Ba5 42. Ke3 Bb4 43. Kd4 Kd7 44. f3 Ba3 45. Bd2 1/2-1/2

[Event "Reykjavik Open 2026"]
[Site "Reykjavik"]
[Date "2026.03.29"]
[Round "7.117"]
[White "Braak, Richard"]
[Black "Gulyas, Adam Ferenc"]
[Result "1-0"]
[WhiteElo "1955"]
[WhiteFideId "24626422"]
[BlackElo "1705"]
[BlackFideId "2330059"]
[Variant "Standard"]

1. d4 Nf6 2. c4 g6 3. Nc3 d5 4. Bg5 Ne4 5. h4 Nxc3 6. bxc3 c5 7. e3 Bg7 8. Nf3 Nc6 9. cxd5 Qxd5 10. Be2 cxd4 11. cxd4 e5 12. dxe5 Qa5+ 13. Kf1 O-O 14. Bf6 h5 15. Bxg7 Kxg7 16. Qd6 Qc3 17. Qf6+ Kg8 18. Rd1 Bg4 19. Nd4 Bxe2+ 20. Kxe2 Qc4+ 21. Ke1 Nb4 22. g4 Nd3+ 23. Kd2 Rac8 24. gxh5 Qc3+ 25. Ke2 Qc4 26. Rxd3 1-0

[Event "Reykjavik Open 2026"]
[Site "Reykjavik"]
[Date "2026.03.29"]
[Round "7.118"]
[White "Zhu, Aiden"]
[Black "Dunn, Maxim"]
[Result "½-½"]
[WhiteElo "1651"]
[WhiteFideId "2654288"]
[BlackElo "1941"]
[BlackFideId "456551"]
[Variant "Standard"]

1. d4 d5 2. Bg5 g6 3. Bh4 Nh6 4. e3 Nf5 5. Bg3 h5 6. h3 Nxg3 7. fxg3 Qd6 8. Kf2 Nc6 9. c4 dxc4 10. Bxc4 Bf5 11. Nc3 O-O-O 12. Qa4 e5 13. d5 Nb4 14. Qxa7 Nc2 15. Bb5 c6 16. dxc6 Qd2+ 17. Nge2 Qxe3+ 18. Qxe3 Nxe3 19. Kxe3 Bc5+ 20. Kf3 Rd2 21. Rhd1 Rxb2 22. Bd3 Bxd3 23. Rxd3 g5 24. Rd5 Bb6 25. Rb1 e4+ 26. Kxe4 Re8+ 27. Kf5 Rxb1 28. Nxb1 Rxe2 29. Kf6 ½-½

[Event "Reykjavik Open 2026"]
[Site "Reykjavik"]
[Date "2026.03.29"]
[Round "7.119"]
[White "Nishida, Eito"]
[Black "Gillmeister, Robin"]
[Result "1-0"]
[WhiteElo "1587"]
[WhiteFideId "7006357"]
[BlackElo "1939"]
[BlackFideId "24684414"]
[Variant "Standard"]

1. d4 f5 2. g3 Nf6 3. Bg2 g6 4. c4 Bg7 5. Nf3 d6 6. O-O O-O 7. Nc3 Qe8 8. d5 a5 9. Re1 Na6 10. Be3 Bd7 11. Qd2 c6 12. h3 Nh5 13. Bd4 h6 14. e4 fxe4 15. Nxe4 Qf7 16. Bxg7 Kxg7 17. Qxa5 Bxh3 18. Qc3+ Kg8 19. Bxh3 Qxf3 20. Re3 1-0

[Event "Reykjavik Open 2026"]
[Site "Reykjavik"]
[Date "2026.03.29"]
[Round "7.120"]
[White "Akason, Aevar"]
[Black "Carey, Michael"]
[Result "0-1"]
[WhiteElo "1557"]
[WhiteFideId "2307090"]
[BlackElo "1929"]
[BlackFideId "30923760"]
[Variant "Standard"]

1. d4 c5 2. dxc5 Na6 3. e3 Nxc5 4. b4 Ne6 5. Bc4 Nc7 6. Qf3 d5 7. Bb3 e5 8. a3 Nf6 9. Bb2 Bd6 10. Ba4+ b5 11. Bb3 O-O 12. h3 Qe7 13. Qd1 Bb7 14. Ne2 a5 15. bxa5 Rxa5 16. a4 Rfa8 17. Ba3 bxa4 18. Bxd6 Qxd6 19. Qd2 Ne4 20. Qc1 axb3 21. Rxa5 Rxa5 22. cxb3 Qb4+ 23. Kf1 Rc5 24. Qa3 Qxa3 25. Nxa3 Ba6 26. Ke1 Ra5 27. Nc2 Ra2 0-1

[Event "Reykjavik Open 2026"]
[Site "Reykjavik"]
[Date "2026.03.29"]
[Round "7.121"]
[White "Damen, Josephine"]
[Black "Walo, Max"]
[Result "1-0"]
[WhiteElo "1928"]
[WhiteFideId "1074369"]
[BlackElo "1705"]
[BlackFideId "1354701"]
[Variant "Standard"]

1. e4 c6 2. d4 d5 3. exd5 cxd5 4. c4 Nf6 5. Nc3 Nc6 6. Nf3 g6 7. cxd5 Nxd5 8. Bc4 Be6 9. Qb3 Nc7 10. d5 Na5 11. Qa4+ b5 12. Nxb5 Nxb5 13. Bxb5+ 1-0